ARRUPE JESUIT UNIVERSITY

CORONAVIRUS -STOP THE SPREAD - CLEAN,DISINFECT,COVER

Capitalist nigger : (Record no. 124816)

MARC details
000 -LEADER
fixed length control field 00843cam a2200277 a 4500
001 - CONTROL NUMBER
control field 6364419
003 - CONTROL NUMBER IDENTIFIER
control field ARRUPE
005 - DATE AND TIME OF LATEST TRANSACTION
control field 20160822105138.0
008 - FIXED-LENGTH DATA ELEMENTS--GENERAL INFORMATION
fixed length control field 060125s2000 nyu 001 0 eng d
020 ## - INTERNATIONAL STANDARD BOOK NUMBER
International Standard Book Number 0967846099 (pbk.)
020 ## - INTERNATIONAL STANDARD BOOK NUMBER
International Standard Book Number 9780967846095 (pbk.)
035 ## - SYSTEM CONTROL NUMBER
System control number (OCoLC)ocm63151334
035 ## - SYSTEM CONTROL NUMBER
System control number (NNC)6364419
040 ## - CATALOGING SOURCE
Original cataloging agency K3N
Transcribing agency K3N
Modifying agency K3N
-- BAKER
050 ## - LIBRARY OF CONGRESS CALL NUMBER
Classification number DT30.5O69
300 ## - PHYSICAL DESCRIPTION
Dimensions 23 cm.
100 1# - MAIN ENTRY--PERSONAL NAME
Personal name Onyeani, Chika.
9 (RLIN) 24497
245 10 - TITLE STATEMENT
Title Capitalist nigger :
Remainder of title the road to success : a spider web doctrine /
Statement of responsibility, etc Chika Onyeani.
260 ## - PUBLICATION, DISTRIBUTION, ETC. (IMPRINT)
Place of publication, distribution, etc New York :
Name of publisher, distributor, etc Timbuktu Publishers,
Date of publication, distribution, etc c2000.
300 ## - PHYSICAL DESCRIPTION
Extent xx, 179 p., [vii] ;
500 ## - GENERAL NOTE
General note Includes index.
650 #0 - SUBJECT ADDED ENTRY--TOPICAL TERM
Topical term or geographic name as entry element Africa
General subdivision Politics
Chronological subdivision 1960
9 (RLIN) 16763
650 #0 - SUBJECT ADDED ENTRY--TOPICAL TERM
Topical term or geographic name as entry element Africa
General subdivision Economic conditions
Chronological subdivision 1960
9 (RLIN) 24498
942 ## - ADDED ENTRY ELEMENTS (KOHA)
Source of classification or shelving scheme Library of Congress Classification
Koha item type Monograph ( Printed materials)
948 1# - LOCAL PROCESSING INFORMATION (OCLC); SERIES PART DESIGNATOR (RLIN)
Series part designator, SPT (RLIN) 20071227
b (OCLC) c
c (OCLC) sds12
d (OCLC) MPS
Holdings
Withdrawn status Lost status Source of classification or shelving scheme Damaged status Not for loan Collection code Home library Current library Shelving location Date acquired Total Checkouts Full call number Barcode Date last seen Date checked out Price effective from Koha item type
    Library of Congress Classification     Main Collection ARRUPE LIBRARY ARRUPE LIBRARY Main Collection 03/08/2016 1 DT30.5.O69 46500009258 07/12/2017 15/09/2016 03/08/2016 Monograph ( Printed materials)
    Library of Congress Classification     Main Collection ARRUPE LIBRARY ARRUPE LIBRARY Main Collection 17/10/2019   DT30.5 O69 46600005598 17/10/2019   17/10/2019 Monograph ( Printed materials)

 

Arrupe Library. PO Box MP320 Mt Pleasant, Harare, Zimbabwe
263 242 745411|librarian@aju.ac.zw